[Event "Lliga Catalana DH"]
[Site "?"]
[Date "2015.01.24"]
[Round "1.3"]
[White "Canal Oliveras, J."]
[Black "Vives Esmerat, J."]
[Result "0-1"]
[WhiteElo "2339"]
[BlackElo "2370"]
[PlyCount "102"]
[EventDate "2015.??.??"]
[EventType "team"]

1. e4 e5 2. f4 Nf6 3. fxe5 Nxe4 4. Nf3 Ng5 5. d4 Nxf3+ 6. Qxf3 Qh4+ 7. Qf2
Qxf2+ 8. Kxf2 Nc6 9. Be3 d6 10. exd6 Bxd6 11. Nd2 Nb4 12. Bb5+ c6 13. Ba4 Bf5
14. Rac1 O-O-O 15. Bb3 Bc7 16. Nf3 f6 17. Bd2 Nd5 18. g3 Bb6 19. Rhe1 Nc7 20.
Be3 Rhe8 21. c4 Rd7 22. Bc2 Be4 23. Bxe4 Rxe4 24. Kg2 Ba5 25. Re2 Rde7 26. Kf2
Ne8 27. Rcc2 Nd6 28. b3 g5 29. Bc1 Nf5 30. Rxe4 Rxe4 31. h3 h5 32. Bd2 Bc7 33.
d5 Bxg3+ 34. Kf1 g4 35. hxg4 hxg4 36. Ng1 Nd4 37. Rc3 Be5 38. dxc6 bxc6 39. Rd3
f5 40. Be3 f4 41. Bxd4 Rxd4 42. Rxd4 Bxd4 43. Ne2 Be5 44. Nc1 Kd7 45. Nd3 Ke6
46. b4 Kf5 47. b5 cxb5 48. cxb5 Bd4 49. a4 f3 50. a5 g3 51. Ne1 Ke4 0-1

[Event "Lliga Catalana DH"]
[Site "?"]
[Date "2015.01.24"]
[Round "1.4"]
[White "Fernandez Perez, D."]
[Black "Dalo, H."]
[Result "1/2-1/2"]
[WhiteElo "2335"]
[BlackElo "2312"]
[PlyCount "51"]
[EventDate "2015.??.??"]
[EventType "team"]

1. d4 Nf6 2. Nf3 g6 3. c4 Bg7 4. Nc3 O-O 5. e3 d6 6. Be2 Nbd7 7. O-O e5 8. Qc2
Re8 9. Rd1 exd4 10. exd4 Nf8 11. h3 Bf5 12. Bd3 Bxd3 13. Qxd3 Ne6 14. Be3 Nh5
15. Qd2 f5 16. d5 Nc5 17. Nd4 Qd7 18. b4 Ne4 19. Nxe4 Rxe4 20. f3 Ree8 21. Rac1
Be5 22. f4 Bf6 23. Ne6 Ng7 24. Ng5 h6 25. Nf3 Re4 26. Re1 1/2-1/2

[Event "Lliga Catalana DH"]
[Site "?"]
[Date "2015.01.24"]
[Round "1.5"]
[White "Vera Pons, F."]
[Black "Pinsach Gelabert, A."]
[Result "0-1"]
[WhiteElo "2314"]
[BlackElo "2314"]
[PlyCount "96"]
[EventDate "2015.??.??"]
[EventType "team"]

1. Nf3 d5 2. g3 c5 3. Bg2 Nc6 4. d3 Nf6 5. O-O e6 6. Nbd2 Be7 7. e4 O-O 8. Re1
b5 9. e5 Nd7 10. Nf1 a5 11. h4 a4 12. h5 b4 13. h6 g6 14. a3 Nb6 15. N1h2 Ba6
16. Ng4 c4 17. d4 c3 18. bxc3 bxc3 19. Re3 Na7 20. Rxc3 Nb5 21. Rd3 Rc8 22. Bd2
Nc4 23. Bc1 f5 24. exf6 Bxf6 25. Bh3 Ncd6 26. Nxf6+ Qxf6 27. Bg5 Qf7 28. Qe1
Ne4 29. Re3 Rxc2 30. Rxe4 dxe4 31. Qxe4 Bb7 32. Qe5 Bd5 33. Bg4 Na7 34. Re1 Nc6
35. Qe3 Rb2 36. Bf4 Rb3 37. Qc1 Rxf3 38. Bxf3 Bxf3 39. Qc4 Bd5 40. Qxa4 Qf5 41.
Qd1 Qh3 42. f3 Rxf4 43. gxf4 Qg3+ 44. Kf1 Bc4+ 45. Re2 Qxf3+ 46. Ke1 Nxd4 47.
Re5 Qg3+ 48. Kd2 Qd3+ 0-1

[Event "Lliga Catalana DH"]
[Site "?"]
[Date "2015.01.24"]
[Round "1.6"]
[White "Rocabert Andreu, G."]
[Black "Ballesteros Collazos, S."]
[Result "1/2-1/2"]
[WhiteElo "2303"]
[BlackElo "2309"]
[PlyCount "102"]
[EventDate "2015.??.??"]
[EventType "team"]

1. d4 Nf6 2. Nf3 g6 3. c4 Bg7 4. Nc3 O-O 5. g3 d6 6. Bg2 Nbd7 7. O-O e5 8. e4
a6 9. h3 b5 10. dxe5 dxe5 11. Qe2 c6 12. b3 Qe7 13. Bb2 Bb7 14. Rfd1 Rfd8 15.
Ne1 Nf8 16. Rxd8 Rxd8 17. Rd1 N6d7 18. Nc2 Ne6 19. cxb5 axb5 20. Nb1 Qc5 21. b4
Qe7 22. Bf1 Ra8 23. a3 Nb6 24. Qe3 Qc7 25. Nd2 Rd8 26. Rc1 Na4 27. Ba1 h5 28.
Nf3 Kh7 29. Qe2 Qd6 30. h4 Nb6 31. Ne3 f6 32. Rd1 Qe7 33. Rxd8 Qxd8 34. Qd1
Qxd1 35. Nxd1 Bh6 36. Ne3 Nc7 37. Nd2 Bc8 38. Nb3 Na4 39. Bd3 Bd7 40. Kf1 Kg7
41. Ke2 Kf7 42. Bc2 Bf8 43. Bd3 Ne6 44. Bc2 Be7 45. Kd2 c5 46. bxc5 Naxc5 47.
Nxc5 Bxc5 48. Bb2 Nd4 49. Bd1 Bc6 50. f3 Ke6 51. Kd3 Kd6 1/2-1/2

[Event "Lliga Catalana DH"]
[Site "?"]
[Date "2015.01.24"]
[Round "1.7"]
[White "Martin Grillo, R."]
[Black "Pijuan Herranz, M."]
[Result "1/2-1/2"]
[WhiteElo "2303"]
[BlackElo "2302"]
[PlyCount "59"]
[EventDate "2015.??.??"]
[EventType "team"]

1. e4 e5 2. Nf3 Nc6 3. Bb5 Bc5 4. O-O Nd4 5. Nxd4 Bxd4 6. c3 Bb6 7. Re1 c6 8.
Ba4 Qf6 9. d4 exd4 10. e5 Qh4 11. g3 Qh3 12. Qf3 Nh6 13. cxd4 Nf5 14. Be3 Nxd4
15. Bxd4 Bxd4 16. Nc3 O-O 17. Bb3 d5 18. exd6 Bg4 19. Qf4 Bf6 20. Re3 Qh5 21.
h4 Qf5 22. Qxf5 Bxf5 23. Rd1 Rad8 24. Rd2 Rd7 25. Ne4 Bxe4 26. Rxe4 Rfd8 27.
Re3 b5 28. Bd1 Kf8 29. Red3 Be5 30. Bf3 1/2-1/2

[Event "Lliga Catalana DH"]
[Site "?"]
[Date "2015.01.24"]
[Round "1.8"]
[White "Serra Pages, J."]
[Black "Juan Bartroli, P."]
[Result "1/2-1/2"]
[WhiteElo "2291"]
[BlackElo "2288"]
[PlyCount "63"]
[EventDate "2015.??.??"]
[EventType "team"]

1. d4 Nf6 2. c4 e6 3. Nf3 Bb4+ 4. Nbd2 b6 5. g3 Bb7 6. Bg2 O-O 7. O-O Bxd2 8.
Qxd2 d6 9. b3 c5 10. Rd1 Qe7 11. Bb2 Nc6 12. dxc5 dxc5 13. Ne5 Nxe5 14. Bxe5
Bxg2 15. Kxg2 Rfd8 16. Qg5 h6 17. Qf4 Ne8 18. Qf3 f6 19. Bc3 Rac8 20. a4 a5 21.
Qe4 Nd6 22. Qc2 Qb7+ 23. Kg1 Nf5 24. Rxd8+ Rxd8 25. Rd1 Nd4 26. Bxd4 cxd4 27.
e3 e5 28. exd4 exd4 29. c5 bxc5 30. Qxc5 Qxb3 31. Rxd4 Rxd4 32. Qxd4 1/2-1/2

[Event "Lliga Catalana DH"]
[Site "?"]
[Date "2015.01.24"]
[Round "1.9"]
[White "Serrano Aspa, X."]
[Black "Casanellas Ruano, L."]
[Result "1-0"]
[WhiteElo "2262"]
[BlackElo "2261"]
[PlyCount "67"]
[EventDate "2015.??.??"]
[EventType "team"]

1. c4 c6 2. Nc3 d5 3. cxd5 cxd5 4. Nf3 Nf6 5. d4 Nc6 6. e3 Bg4 7. Be2 e6 8. O-O
Be7 9. a3 O-O 10. b4 Rc8 11. Bb2 a6 12. Na4 b5 13. Nc5 Qb6 14. h3 Bxf3 15. Bxf3
Qa7 16. Bc3 Nd7 17. a4 bxa4 18. Rxa4 Ncb8 19. Qa1 Nb6 20. Ra2 Nc4 21. Nxa6 Nxa6
22. Rxa6 Qb8 23. Rb1 Rc7 24. e4 Rfc8 25. exd5 Nb6 26. Bd2 Rc2 27. Be3 Nxd5 28.
Bxd5 exd5 29. b5 R2c4 30. b6 Bb4 31. g3 Bc3 32. Qa3 Bxd4 33. Bxd4 Rxd4 34. b7
1-0

[Event "Lliga Catalana DH"]
[Site "?"]
[Date "2015.01.24"]
[Round "1.10"]
[White "Colls Gelaberto, E."]
[Black "Saez Coma, A."]
[Result "1/2-1/2"]
[WhiteElo "2240"]
[BlackElo "2192"]
[PlyCount "43"]
[EventDate "2015.??.??"]
[EventType "team"]

1. Nf3 Nf6 2. c4 e6 3. d4 b6 4. g3 Ba6 5. Qa4 Be7 6. Bg2 Bb7 7. O-O O-O 8. Nc3
c5 9. d5 exd5 10. Nh4 Bc6 11. Qc2 dxc4 12. e4 Na6 13. Nf5 Ne8 14. Nd5 Bxd5 15.
exd5 Nd6 16. Nxd6 Bxd6 17. Qxc4 Nc7 18. Bd2 Qf6 19. Bc3 Qg6 20. Rae1 Rae8 21.
Rxe8 Rxe8 22. Qa4 1/2-1/2

[Event "Lliga Catalana DH"]
[Site "?"]
[Date "2015.01.24"]
[Round "1.1"]
[White "Guerra Mendez, JA."]
[Black "Movsziszian, K."]
[Result "1/2-1/2"]
[WhiteElo "2442"]
[BlackElo "2513"]
[PlyCount "72"]
[EventDate "2015.??.??"]
[EventType "team"]

1. e4 d6 2. d4 Nf6 3. Nc3 g6 4. Nf3 Bg7 5. Be2 O-O 6. O-O Bg4 7. Be3 Nc6 8. Qd2
e5 9. dxe5 dxe5 10. Rad1 Qc8 11. Qc1 Rd8 12. Rxd8+ Qxd8 13. Rd1 Qf8 14. h3 Bxf3
15. Bxf3 Rd8 16. Nb5 Qe7 17. c3 a6 18. Na3 Bf8 19. Nc2 Qe6 20. b3 h5 21. Rxd8
Nxd8 22. Qd2 Be7 23. Qd3 Qc8 24. Nb4 c6 25. Qc4 b5 26. Qe2 Ne6 27. Nd3 Qc7 28.
a4 Nd7 29. Qd2 Ndc5 30. axb5 axb5 31. b4 Nxd3 32. Qxd3 Qd8 33. Qxd8+ Bxd8 34.
Bd2 Bf6 35. Be3 Be7 36. Bd2 Bf6 1/2-1/2

[Event "Lliga Catalana DH"]
[Site "?"]
[Date "2015.01.24"]
[Round "1.2"]
[White "Gonzalez Perez, A."]
[Black "Oratovsky, M."]
[Result "1/2-1/2"]
[WhiteElo "2529"]
[BlackElo "2530"]
[PlyCount "48"]
[EventDate "2015.??.??"]
[EventType "team"]

1. d4 Nf6 2. c4 d6 3. Nc3 Nbd7 4. e4 e5 5. Nf3 g6 6. Be2 Bg7 7. O-O O-O 8. Re1
Re8 9. Bf1 a6 10. d5 a5 11. a3 Nc5 12. b3 a4 13. bxa4 Bd7 14. Qc2 Nxa4 15. Nb5
Rf8 16. Rb1 Nc5 17. Nd2 b6 18. f3 Bh6 19. Ra1 Ne8 20. Nb3 Nxb3 21. Qxb3 Bxc1
22. Rexc1 Nf6 23. a4 Bxb5 24. cxb5 Nd7 1/2-1/2

[Event "Lliga Catalana DH"]
[Site "?"]
[Date "2015.01.24"]
[Round "1.3"]
[White "Martinez Alcantara, JE."]
[Black "Akbarinia, SA."]
[Result "1/2-1/2"]
[WhiteElo "2406"]
[BlackElo "2366"]
[PlyCount "141"]
[EventDate "2015.??.??"]
[EventType "team"]

1. c4 c6 2. Nf3 d5 3. g3 Nf6 4. Bg2 dxc4 5. O-O Nbd7 6. Qc2 Nb6 7. Na3 Qd5 8.
Ne1 Qf5 9. e4 Qh5 10. Nxc4 Nxc4 11. Qxc4 e5 12. Nf3 Bg4 13. Qc3 Bd6 14. d4 exd4
15. Nxd4 O-O 16. f3 Bh3 17. Bxh3 Qxh3 18. Nf5 Rfd8 19. Bg5 Qh5 20. Bxf6 gxf6
21. Qxf6 Bf8 22. Qc3 Rd7 23. Rfd1 Rad8 24. Rxd7 Rxd7 25. Kg2 Qg5 26. Rf1 Qd8
27. Qe3 a6 28. Qf4 Rd1 29. h4 Rd7 30. h5 Rd1 31. h6 f6 32. e5 fxe5 33. Qxe5
Rd2+ 34. Rf2 Rxf2+ 35. Kxf2 Qd2+ 36. Kf1 Qd1+ 37. Kg2 Qd2+ 38. Kh3 Qd7 39. g4
c5 40. b3 b5 41. Qe4 a5 42. Ne3 Bxh6 43. Nd5 Bg7 44. Ne7+ Kf7 45. Nf5 Bf8 46.
Ng3 h6 47. Qe5 a4 48. bxa4 bxa4 49. Ne4 Qc6 50. Qf5+ Kg7 51. Ng3 Kg8 52. Nh5
Be7 53. Kg2 c4 54. Nf4 c3 55. Ne6 Qe8 56. Kf1 Qf7 57. Qxf7+ Kxf7 58. Nd4 Bf6
59. Nc2 Kg6 60. Ke2 Kg5 61. Ke3 Bd8 62. Nb4 Ba5 63. Nc2 Bc7 64. Nb4 Bd6 65. Nd5
c2 66. Kd2 Kh4 67. Kxc2 Kg3 68. Ne3 Kxf3 69. Nf5 Bf8 70. Kc3 a3 71. Kb3 1/2-1/2

[Event "Lliga Catalana DH"]
[Site "?"]
[Date "2015.01.24"]
[Round "1.4"]
[White "Dominguez Pons, E."]
[Black "Hernando Rodrigo, JA."]
[Result "1/2-1/2"]
[WhiteElo "2402"]
[BlackElo "2400"]
[PlyCount "114"]
[EventDate "2015.??.??"]
[EventType "team"]

1. d4 Nf6 2. Bg5 g6 3. Nc3 Bg7 4. e4 d6 5. Qd2 O-O 6. O-O-O c6 7. f3 b5 8. Kb1
Qc7 9. Bh6 b4 10. Nce2 Bxh6 11. Qxh6 c5 12. g4 Nc6 13. d5 Ne5 14. g5 Nh5 15.
Ng3 Ng7 16. Be2 c4 17. h4 f5 18. gxf6 Rxf6 19. h5 gxh5 20. Qe3 c3 21. Nxh5 Nxh5
22. Rxh5 Rg6 23. Rg5 cxb2 24. Rxg6+ Nxg6 25. Bd3 e5 26. Ne2 a5 27. Rg1 Qa7 28.
Qh6 Ba6 29. Bxa6 Qxa6 30. Ng3 Qa7 31. Rd1 a4 32. Qd2 b3 33. cxb3 axb3 34. Qxb2
bxa2+ 35. Ka1 Rb8 36. Qe2 Qa3 37. Qc2 Qxf3 38. Nf5 Qxd1+ 39. Qxd1 Rb1+ 40. Qxb1
axb1=Q+ 41. Kxb1 h5 42. Nxd6 Ne7 43. Nf5 Ng6 44. Ne3 Kf7 45. Kc2 Kf6 46. Kd2 h4
47. Ke2 Nf4+ 48. Kf3 Nd3 49. Ng4+ Kg5 50. d6 Nc5 51. Nxe5 Nb7 52. Nc4 Kf6 53.
Kf4 h3 54. e5+ Ke6 55. Kg3 Nc5 56. Kxh3 Nd7 57. Kg4 Nxe5+ 1/2-1/2

[Event "Lliga Catalana DH"]
[Site "?"]
[Date "2015.01.24"]
[Round "1.5"]
[White "Escandell Mari, JC."]
[Black "Delisau Gil, O."]
[Result "1-0"]
[WhiteElo "2386"]
[BlackElo "2316"]
[PlyCount "65"]
[EventDate "2015.??.??"]
[EventType "team"]

1. e4 e5 2. Nf3 Nc6 3. Bb5 a6 4. Ba4 Nf6 5. O-O Be7 6. Re1 b5 7. Bb3 O-O 8. a4
b4 9. d4 d6 10. dxe5 dxe5 11. Nbd2 Bc5 12. Qe2 Rb8 13. h3 Qe7 14. Bc4 a5 15.
Nb3 Bb6 16. Be3 Bb7 17. Bd5 Nd8 18. Bxb7 Nxb7 19. Nfd2 Nd7 20. Nc4 Ra8 21. Red1
Nd6 22. Rxd6 Bxe3 23. Rd5 Bb6 24. Rad1 Nb8 25. Rxe5 Qf6 26. Rb5 Qc6 27. Nbxa5
Bxa5 28. Nxa5 Qa6 29. Qc4 c6 30. Rb7 Qxa5 31. b3 Qa6 32. Qxb4 Qe2 33. Qxf8+ 1-0

[Event "Lliga Catalana DH"]
[Site "?"]
[Date "2015.01.24"]
[Round "1.6"]
[White "Travesset Ribera, J."]
[Black "Bru Rullo, L."]
[Result "1/2-1/2"]
[WhiteElo "2320"]
[BlackElo "2261"]
[PlyCount "101"]
[EventDate "2015.??.??"]
[EventType "team"]

1. d4 d5 2. Bf4 Nf6 3. e3 c5 4. c3 Nc6 5. Nd2 Bf5 6. Ngf3 e6 7. Bb5 Qb6 8. Qa4
Be7 9. dxc5 Bxc5 10. b4 Be7 11. Nd4 Rc8 12. N2b3 O-O 13. Bxc6 bxc6 14. Nxf5
exf5 15. Nd4 Ne4 16. O-O Nxc3 17. Qc2 Qxb4 18. Nxf5 Bf6 19. Bd6 Qc4 20. Kh1
Rfe8 21. Rac1 g6 22. Nh6+ Kg7 23. Bf4 Qxa2 24. Qd3 Qe2 25. Rxc3 Qxd3 26. Rxd3
g5 27. Nf5+ Kg6 28. Nd6 gxf4 29. Nxe8 Rxe8 30. Rc1 fxe3 31. fxe3 Re6 32. g3 a5
33. Kg2 a4 34. Rc5 a3 35. Ra5 Bb2 36. g4 Re5 37. Ra6 Kg7 38. Rb3 c5 39. Kf3 Re7
40. Rb5 Rc7 41. Ke2 c4 42. Kd1 c3 43. Kc2 Re7 44. Rxd5 Rxe3 45. Rc5 Re2+ 46.
Kb3 Rxh2 47. Rg5+ Kf8 48. Rd5 Rg2 49. g5 Re2 50. Ra7 Kg7 51. Rc5 1/2-1/2

[Event "Lliga Catalana DH"]
[Site "?"]
[Date "2015.01.24"]
[Round "1.7"]
[White "Castellet Giralt, G."]
[Black "Castelltort Fernandez, A."]
[Result "1/2-1/2"]
[WhiteElo "2286"]
[BlackElo "2365"]
[PlyCount "40"]
[EventDate "2015.??.??"]
[EventType "team"]

1. d4 f5 2. g3 Nf6 3. Bg2 g6 4. c4 Bg7 5. Nc3 O-O 6. Nf3 d6 7. O-O c6 8. b3 Qa5
9. Bb2 e5 10. dxe5 dxe5 11. e4 Re8 12. a3 Qc7 13. Re1 fxe4 14. Ng5 Bg4 15. Qc2
Bf5 16. Ngxe4 Nbd7 17. Qe2 Bg4 18. Qc2 Bf5 19. Qe2 Bg4 20. Qc2 Bf5 1/2-1/2

[Event "Lliga Catalana DH"]
[Site "?"]
[Date "2015.01.24"]
[Round "1.8"]
[White "Subirats Ruiz, S."]
[Black "Garcia Acosta, R."]
[Result "1-0"]
[WhiteElo "2283"]
[BlackElo "2216"]
[PlyCount "51"]
[EventDate "2015.??.??"]
[EventType "team"]

1. f4 d5 2. Nf3 Nf6 3. g3 c5 4. Bg2 Nc6 5. O-O Qc7 6. d3 e6 7. Nc3 Be7 8. e4
O-O 9. e5 Nd7 10. Nb5 Qb6 11. c4 d4 12. Qe2 a6 13. Na3 Qc7 14. Bd2 b6 15. g4
Bb7 16. Be1 Rae8 17. Bg3 f6 18. exf6 Bxf6 19. g5 e5 20. gxf6 exf4 21. f7+ Kxf7
22. Ng5+ Kg8 23. Bd5+ Kh8 24. Nf7+ Rxf7 25. Qxe8+ Rf8 26. Bxf4 1-0

[Event "Lliga Catalana DH"]
[Site "?"]
[Date "2015.01.24"]
[Round "1.9"]
[White "Valencia Jimenez, J."]
[Black "Pueyo Burrell, D."]
[Result "1/2-1/2"]
[WhiteElo "2185"]
[BlackElo "2285"]
[PlyCount "38"]
[EventDate "2015.??.??"]
[EventType "team"]

1. Nf3 Nf6 2. g3 g6 3. Bg2 Bg7 4. c4 O-O 5. O-O c6 6. Nc3 d6 7. Rb1 e5 8. d3 h6
9. b4 Re8 10. b5 d5 11. bxc6 bxc6 12. cxd5 cxd5 13. d4 e4 14. Ne5 Nbd7 15. Bf4
Nb6 16. Nc6 Qd7 17. Ne5 Qd8 18. Nc6 Qd7 19. Ne5 Qd8 1/2-1/2

[Event "Lliga Catalana DH"]
[Site "?"]
[Date "2015.01.24"]
[Round "1.10"]
[White "Bautista Sanchez, J."]
[Black "Vives Jaume, O."]
[Result "1/2-1/2"]
[WhiteElo "2306"]
[BlackElo "2196"]
[PlyCount "82"]
[EventDate "2015.??.??"]
[EventType "team"]

1. Nf3 Nf6 2. c4 c6 3. Nc3 d5 4. e3 e6 5. b3 Bd6 6. Bb2 O-O 7. d4 Nbd7 8. Be2
b6 9. cxd5 cxd5 10. O-O a6 11. Rc1 Bb7 12. Na4 Qe7 13. Ne5 Rfc8 14. Nxd7 Nxd7
15. Qd2 b5 16. Nc3 Nf6 17. Bf3 Bc6 18. Rc2 Rc7 19. Rfc1 Rac8 20. h3 b4 21. Na4
Bxa4 22. bxa4 a5 23. Rxc7 Rxc7 24. Rxc7 Qxc7 25. Qc1 Qc4 26. Qb1 b3 27. axb3
Qxb3 28. Bd1 Qb4 29. Bc2 g6 30. g3 Ne4 31. Bxe4 dxe4 32. Qc2 h5 33. h4 Bf8 34.
Kg2 Qb7 35. Bc3 Bb4 36. Qb3 Kh7 37. Qc4 Qd5 38. Qc7 Bxc3 39. Qxc3 Kg7 40. Qc7
Kg8 41. Qb8+ Kg7 1/2-1/2

[Event "Lliga Catalana DH"]
[Site "?"]
[Date "2015.01.24"]
[Round "1.1"]
[White "Cuartas Medina, JA."]
[Black "Cruz Sanchez, C."]
[Result "1/2-1/2"]
[WhiteElo "2541"]
[BlackElo "2576"]
[PlyCount "74"]
[EventDate "2015.??.??"]
[EventType "team"]

1. e4 c5 2. d4 cxd4 3. c3 dxc3 4. Nxc3 Nc6 5. Nf3 e6 6. Bc4 Nge7 7. Bf4 Ng6 8.
Bg3 a6 9. O-O d6 10. Rc1 Be7 11. Qe2 O-O 12. Rfd1 b5 13. Bb3 Bb7 14. e5 d5 15.
Nxd5 exd5 16. Bxd5 Qb6 17. h4 Rfd8 18. e6 f6 19. h5 Nf8 20. Nh4 Nd4 21. Rxd4
Rxd5 22. Rxd5 Bxd5 23. Nf5 Ra7 24. Qg4 Nxe6 25. Rc8+ Bd8 26. Bd6 Rd7 27. Be7
Kf7 28. Ba3 Rc7 29. Nd6+ Qxd6 30. Bxd6 Rxc8 31. b3 Rc6 32. Bg3 Bc7 33. Bxc7
Nxc7 34. Qd7+ Kf8 35. Qd8+ Kf7 36. Qd7+ Kf8 37. Qd8+ Kf7 1/2-1/2

[Event "Lliga Catalana DH"]
[Site "?"]
[Date "2015.01.24"]
[Round "1.2"]
[White "Cruz Sanchez, J."]
[Black "Matnadze, A."]
[Result "1-0"]
[WhiteElo "2501"]
[BlackElo "2499"]
[PlyCount "71"]
[EventDate "2015.??.??"]
[EventType "team"]

1. c4 Nf6 2. Nc3 e6 3. e4 d5 4. e5 d4 5. exf6 dxc3 6. bxc3 Qxf6 7. d4 c5 8. Nf3
h6 9. Bd3 Bd6 10. O-O O-O 11. Qe2 Rd8 12. Rd1 Nc6 13. Qe4 Bd7 14. Qh7+ Kf8 15.
Be3 Bf4 16. d5 Bxe3 17. dxc6 Bxf2+ 18. Kxf2 Bxc6 19. Be4 Ba4 20. Rdb1 Rab8 21.
Bxb7 Qxc3 22. Be4 Rb4 23. Rxb4 cxb4 24. Re1 a5 25. Re3 Qxc4 26. Qh8+ Ke7 27.
Qxg7 Bb5 28. Ne5 Qf1+ 29. Kg3 Rd2 30. Kh3 Be2 31. Bf3 Bxf3 32. Rxf3 Qe2 33.
Rxf7+ Kd6 34. Rd7+ Kc5 35. Rxd2 Qxd2 36. Qc7+ 1-0

[Event "Lliga Catalana DH"]
[Site "?"]
[Date "2015.01.24"]
[Round "1.3"]
[White "Exposito Amaro, J."]
[Black "Cruz Estrada, F."]
[Result "0-1"]
[WhiteElo "2436"]
[BlackElo "2463"]
[PlyCount "128"]
[EventDate "2015.??.??"]
[EventType "team"]

1. e4 c5 2. Nc3 e6 3. Nf3 d6 4. g3 Nc6 5. d4 cxd4 6. Nxd4 Nf6 7. Bg2 Bd7 8. O-O
Be7 9. Re1 O-O 10. Ndb5 Qb8 11. Bg5 a6 12. Bxf6 Bxf6 13. Nxd6 Rd8 14. Nc4 Be8
15. Qc1 Qc7 16. a4 Bxc3 17. bxc3 Ne7 18. Bf1 b5 19. axb5 Bxb5 20. Ne3 Bxf1 21.
Nxf1 Qxc3 22. Ra3 Qc6 23. Qa1 Ng6 24. Qb2 Rab8 25. Rb3 Rxb3 26. cxb3 h5 27. Qc1
Qb5 28. h4 Rd3 29. Re3 Qxb3 30. Qc8+ Kh7 31. Qc5 Rxe3 32. Qxh5+ Kg8 33. fxe3
Qb4 34. Qg5 Qxe4 35. Qa5 Qd3 36. h5 Ne7 37. Qg5 Nf5 38. g4 Nh6 39. Qf4 Qe2 40.
g5 Qg4+ 41. Kf2 Qxf4+ 42. exf4 Nf5 43. Ke2 Ne7 44. Kd3 a5 45. Nd2 a4 46. Nc4
Nf5 47. Ne5 a3 48. Kc3 Ng3 49. Kb3 Nxh5 50. Nd3 Kh7 51. Kxa3 Kg6 52. Ne5+ Kf5
53. Nxf7 Kxf4 54. Kb3 e5 55. Kc3 Ng3 56. Kd2 Ne4+ 57. Ke2 Nxg5 58. Nd8 e4 59.
Nc6 Ne6 60. Ne7 Nd4+ 61. Ke1 g5 62. Ng6+ Kg3 63. Kd2 Kf2 64. Ne5 Nf3+ 0-1

[Event "Lliga Catalana DH"]
[Site "?"]
[Date "2015.01.24"]
[Round "1.4"]
[White "Gonzalez Garcia, M."]
[Black "Cervello Tost, F."]
[Result "0-1"]
[WhiteElo "2331"]
[BlackElo "2318"]
[PlyCount "36"]
[EventDate "2015.??.??"]
[EventType "team"]

1. d4 Nf6 2. Bg5 e6 3. Nd2 d5 4. e3 Be7 5. Ngf3 O-O 6. Bd3 b6 7. Ne5 Bb7 8. Qf3
Nc6 9. Nxc6 Bxc6 10. Qh3 g6 11. Nf3 Ne4 12. Bh6 Re8 13. Ne5 Qd6 14. Qf3 f6 15.
Nxc6 Qxc6 16. O-O-O Nc3 17. bxc3 Qxc3 18. Rdg1 Bb4 0-1

[Event "Lliga Catalana DH"]
[Site "?"]
[Date "2015.01.24"]
[Round "1.5"]
[White "Ayza Leon, D."]
[Black "Boix Moreno, D."]
[Result "0-1"]
[WhiteElo "2305"]
[BlackElo "2320"]
[PlyCount "76"]
[EventDate "2015.??.??"]
[EventType "team"]

1. e4 c5 2. a3 g6 3. b4 Bg7 4. Nc3 d6 5. Bc4 Nf6 6. Rb1 cxb4 7. axb4 O-O 8. d3
Nxe4 9. Nxe4 d5 10. Bxd5 Qxd5 11. Ne2 f5 12. c4 Qd8 13. N4c3 e5 14. O-O Be6 15.
Re1 Bf7 16. Ba3 Re8 17. Qc2 Nd7 18. Nb5 Bf8 19. Bc1 a6 20. Na3 Rc8 21. Qc3 b5
22. f4 Bg7 23. Bb2 Nb6 24. Rbd1 Na4 25. Qc2 Nxb2 26. Qxb2 exf4 27. Qb3 Qb6+ 28.
Kf1 g5 29. Nc3 f3 30. gxf3 Qd6 31. Nd5 Qxh2 32. d4 Qh3+ 33. Kf2 bxc4 34. Qa4
Qh4+ 35. Kf1 Rxe1+ 36. Rxe1 Bxd5 37. Re8+ Rxe8 38. Qxe8+ Bf8 0-1

[Event "Lliga Catalana DH"]
[Site "?"]
[Date "2015.01.24"]
[Round "1.6"]
[White "Leiro Giralt, D."]
[Black "Capellades Subirana, M."]
[Result "1/2-1/2"]
[WhiteElo "2304"]
[BlackElo "2290"]
[PlyCount "79"]
[EventDate "2015.??.??"]
[EventType "team"]

1. e4 e5 2. Nf3 Nc6 3. d4 exd4 4. Bc4 Nf6 5. O-O d6 6. Nxd4 Be7 7. Nxc6 bxc6 8.
Nc3 Be6 9. Bxe6 fxe6 10. e5 dxe5 11. Qf3 Qd7 12. Rd1 Bd6 13. Bg5 O-O 14. Bxf6
Rxf6 15. Qd3 Raf8 16. Ne4 Rg6 17. Rd2 Qf7 18. Rad1 Be7 19. Qe3 Qf5 20. Rd7 Bg5
21. Nxg5 Rxg5 22. Qe2 Qh3 23. Qf1 Qh5 24. g3 Rgf5 25. Rd8 Qf3 26. Rxf8+ Rxf8
27. Rd3 Qf6 28. Qe2 Rd8 29. Rxd8+ Qxd8 30. Qxe5 Qd6 31. Qe2 h6 32. a4 a5 33. b3
Kh8 34. h3 Qd5 35. Kh2 e5 36. Qe3 Qd6 37. Qc3 Qd5 38. Qe3 Qd6 39. Qc3 Qd5 40.
Qe3 1/2-1/2

[Event "Lliga Catalana DH"]
[Site "?"]
[Date "2015.01.24"]
[Round "1.7"]
[White "Garcia Ramos, D."]
[Black "Gallart Zafra, J."]
[Result "1/2-1/2"]
[WhiteElo "2260"]
[BlackElo "2299"]
[PlyCount "112"]
[EventDate "2015.??.??"]
[EventType "team"]

1. e4 c5 2. Nc3 Nc6 3. g3 g6 4. Bg2 Bg7 5. d3 d6 6. f4 Nd4 7. Nf3 Bg4 8. h3
Bxf3 9. Bxf3 e6 10. O-O Ne7 11. Bg2 O-O 12. Ne2 Qc7 13. c3 Nxe2+ 14. Qxe2 Rab8
15. Be3 d5 16. Rac1 Rbd8 17. Bf2 Rfe8 18. e5 Bh6 19. Qf3 c4 20. d4 b5 21. g4
Rb8 22. Be3 Qd7 23. h4 b4 24. Bh3 bxc3 25. bxc3 Nc6 26. f5 Bg7 27. Rb1 Rxb1 28.
Rxb1 Rb8 29. Qd1 Qc8 30. fxe6 fxe6 31. g5 Kf7 32. h5 Ne7 33. Qf3+ Nf5 34. Bxf5
gxf5 35. Qd1 Rb7 36. h6 Bf8 37. Qh5+ Ke7 38. Rxb7+ Qxb7 39. g6 Qb1+ 40. Kf2 f4
41. Qg5+ Ke8 42. Bxf4 Qc2+ 43. Bd2 hxg6 44. Ke1 Qe4+ 45. Kf2 Be7 46. h7 Bxg5
47. h8=Q+ Kd7 48. Bxg5 Qf5+ 49. Ke2 Qg4+ 50. Kf2 Qxg5 51. Qg7+ Kc6 52. Qxa7
Qd2+ 53. Kf1 Qd3+ 54. Kf2 Qd2+ 55. Kf1 Qc1+ 56. Ke2 Qc2+ 1/2-1/2

[Event "Lliga Catalana DH"]
[Site "?"]
[Date "2015.01.24"]
[Round "1.8"]
[White "Prat Llables, J."]
[Black "Ezquerro Luque, A."]
[Result "1/2-1/2"]
[WhiteElo "2294"]
[BlackElo "2257"]
[PlyCount "109"]
[EventDate "2015.??.??"]
[EventType "team"]

1. e4 e5 2. Nf3 Nc6 3. d4 exd4 4. Nxd4 Bc5 5. Nxc6 Qf6 6. Qd2 bxc6 7. Bd3 Ne7
8. O-O Ng6 9. Nc3 O-O 10. Qg5 Qe5 11. Na4 Bb6 12. Nxb6 axb6 13. Qe3 d6 14. f4
Qc5 15. Qxc5 bxc5 16. b3 Ba6 17. c4 f6 18. Be3 Rfe8 19. Kf2 Nf8 20. Rad1 Bc8
21. Bb1 g6 22. Rd2 Nd7 23. Kf3 Nf8 24. g4 Ne6 25. h4 Bb7 26. f5 Nf8 27. g5 fxg5
28. hxg5 Nd7 29. Bf4 Rf8 30. Rh1 Rae8 31. Rdh2 Rf7 32. Kg3 Nf8 33. Re1 gxf5 34.
e5 Bc8 35. Rhe2 dxe5 36. Rxe5 Rxe5 37. Rxe5 Ng6 38. Re8+ Rf8 39. Rxf8+ Nxf8 40.
Bxc7 Kf7 41. Bd6 Ng6 42. a4 Ke6 43. Bf4 Nf8 44. a5 Nd7 45. Bd3 Nf8 46. Be3 Ke5
47. Kf3 Ne6 48. Bd2 Nd4+ 49. Kg3 Nxb3 50. Bc3+ Nd4 51. Bd2 Ne6 52. Bc3+ Nd4 53.
Bd2 Ne6 54. Bc3+ Nd4 55. Bd2 1/2-1/2

[Event "Lliga Catalana DH"]
[Site "?"]
[Date "2015.01.24"]
[Round "1.9"]
[White "Povill Claros, X."]
[Black "Clopes Llahi, J."]
[Result "0-1"]
[WhiteElo "2201"]
[BlackElo "2253"]
[PlyCount "98"]
[EventDate "2015.??.??"]
[EventType "team"]

1. d4 Nf6 2. c4 e6 3. Nc3 Bb4 4. e3 O-O 5. Nge2 d5 6. a3 Be7 7. cxd5 exd5 8.
Nf4 c6 9. Bd3 Re8 10. O-O Nbd7 11. f3 Nf8 12. Bc2 Ng6 13. e4 Qb6 14. e5 Nd7 15.
e6 Ndf8 16. exf7+ Kxf7 17. Nfe2 Bf6 18. f4 Ne7 19. f5 Kg8 20. g4 h6 21. Kg2 Bd7
22. Na4 Qd8 23. Bf4 b6 24. Nac3 c5 25. Bb3 Bc6 26. Qd2 Nh7 27. Rad1 Kh8 28. Ba4
Qd7 29. Bxc6 Qxc6 30. Ra1 Bh4 31. Bg3 Bg5 32. Bf4 Bh4 33. Bg3 Bg5 34. Qc2 Ng8
35. h4 Be3 36. Bf4 cxd4 37. Bxe3 dxe3 38. Nd4 Qd6 39. Kf3 Ngf6 40. g5 Nh5 41.
Nce2 Rac8 42. Qd3 Qe5 43. gxh6 gxh6 44. Rac1 Rxc1 45. Rxc1 Qh2 46. Rg1 Qf2+ 47.
Kg4 Rg8+ 48. Kh3 Rxg1 49. Nxg1 Qg3# 0-1